Informacionnyje sistemy dlja rukovoditelej

Salvato in:
Dettagli Bibliografici
Natura: Libro
Lingua:russo
Pubblicazione: Moskva Finansy i statistika 1989
Edizione:1. izd.
Tags: Aggiungi Tag
Nessun Tag, puoi essere il primo ad aggiungerne!!

MARC

LEADER 00000nam a2200000 4500
001 c035239
005 20240315133546.8
041 0 |a rus 
044 |a RU 
245 1 0 |a Informacionnyje sistemy dlja rukovoditelej  |c Red. F.I. Peregudov 
250 |a 1. izd. 
264 1 |a Moskva  |b Finansy i statistika  |c 1989 
300 |a 174 s.